Preparation and characterization of low concentrated suspensions of industrial nanoparticles; Перспективы развития фундаментальных наук
| Parent link: | Перспективы развития фундаментальных наук.— 2015.— [С. 986-988] |
|---|---|
| Main Author: | |
| Corporate Author: | |
| Other Authors: | , , |
| Summary: | Заглавие с экрана В настоящее время одним из наиболее первпективных и развивающихся методов исследования размеров наночастиц является масс-спектрометрия с индуктивно связанной плазмой по методу единичных частиц (SP ICP-MS), позволяющая исседовать частицы в очень низких эколонически-эквивалентных концентарциях. В настоящей работе рассмотрены различные метдики приготовления суспензий промышленных наночастиц для исследования с помощью SP ICP-MS, выбраны оптимальные условия и представлены первые результаты. |
| Language: | English |
| Published: |
2015
|
| Series: | Наноматериалы и нанотехнологии |
| Subjects: | |
| Online Access: | http://earchive.tpu.ru/handle/11683/19054 http://www.lib.tpu.ru/fulltext/c/2015/C21/314.pdf |
| Format: | Electronic Book Chapter |
| KOHA link: | https://koha.lib.tpu.ru/cgi-bin/koha/opac-detail.pl?biblionumber=613141 |
MARC
| LEADER | 00000naa2a2200000 4500 | ||
|---|---|---|---|
| 001 | 613141 | ||
| 005 | 20251124094827.0 | ||
| 035 | |a (RuTPU)RU\TPU\conf\11272 | ||
| 035 | |a RU\TPU\conf\11245 | ||
| 090 | |a 613141 | ||
| 100 | |a 20150707d2015 k y0rusy50 ba | ||
| 101 | 0 | |a eng | |
| 102 | |a RU | ||
| 105 | |a a z 101zy | ||
| 135 | |a drgn ---uucaa | ||
| 181 | 0 | |a i | |
| 182 | 0 | |a b | |
| 200 | 1 | |a Preparation and characterization of low concentrated suspensions of industrial nanoparticles |d Подготовка и изучение разбавленных суспензий промышленных наночастиц |f Е. Карепина, Хадиуи Маджид, А. Ю. Годымчук |g науч. рук. Уилкинсон Кевин Джеймс | |
| 203 | |a Текст |c электронный | ||
| 215 | |a 1 файл(343 Кб) | ||
| 225 | 1 | |a Наноматериалы и нанотехнологии | |
| 300 | |a Заглавие с экрана | ||
| 320 | |a [Библиогр.: с. 988 (7 назв.)] | ||
| 330 | |a В настоящее время одним из наиболее первпективных и развивающихся методов исследования размеров наночастиц является масс-спектрометрия с индуктивно связанной плазмой по методу единичных частиц (SP ICP-MS), позволяющая исседовать частицы в очень низких эколонически-эквивалентных концентарциях. В настоящей работе рассмотрены различные метдики приготовления суспензий промышленных наночастиц для исследования с помощью SP ICP-MS, выбраны оптимальные условия и представлены первые результаты. | ||
| 337 | |a Adobe Reader | ||
| 463 | 1 | |0 (RuTPU)RU\TPU\conf\10376 |t Перспективы развития фундаментальных наук |l Prospects of fundamental sciences development |o сборник научных трудов XII Международной конференция студентов и молодых ученых, г. Томск, 21-24 апреля 2015 г. |f Национальный исследовательский Томский политехнический университет (ТПУ) ; Национальный исследовательский Томский государственный университет (ТГУ) ; Томский государственный архитектурно-строительный университет (ТГАСУ) ; Томский государственный университет систем управления и радиоэлектроники (ТУСУР) ; ред. кол. И. А. Курзина ; Г. А. Воронова ; С. А. Поробова |v [С. 986-988] |d 2015 | |
| 510 | 1 | |a Подготовка и изучение разбавленных суспензий промышленных наночастиц |z rus | |
| 610 | 1 | |a электронный ресурс | |
| 610 | 1 | |a труды учёных ТПУ | |
| 610 | 1 | |a суспензии | |
| 610 | 1 | |a наночастицы | |
| 610 | 1 | |a масс-спектрометрия | |
| 700 | 1 | |a Карепина |b Е. | |
| 701 | 0 | |a Хадиуи Маджид | |
| 701 | 1 | |a Годымчук |b А. Ю. |c специалист в области нанотехнологий и наноматериалов |c доцент Томского политехнического университета, кандидат технических наук |f 1978- |g Анна Юрьевна |3 (RuTPU)RU\TPU\pers\26193 |9 12001 | |
| 702 | 0 | |a Уилкинсон Кевин Джеймс |4 727 | |
| 712 | 0 | 2 | |a Национальный исследовательский Томский политехнический университет |c (2009- ) |9 26305 |
| 801 | 1 | |a RU |b 63413507 |c 20101016 | |
| 801 | 2 | |a RU |b 63413507 |c 20210128 |g RCR | |
| 856 | 4 | |u http://earchive.tpu.ru/handle/11683/19054 | |
| 856 | 4 | |u http://www.lib.tpu.ru/fulltext/c/2015/C21/314.pdf | |
| 942 | |c BK | ||